000 00768nam a2200205 a 4500
003 0
005 20250429140114.0
008 970114s19uu xx 00 eng d
050 _aPGS HQ 777.5
_b.B171 2003
100 _aBalandra, Justine Anne N.
245 _aEffects of having separated parents to grade school students, SY 2002-2003 /
_cJustine Anne N. Balandra.
260 _aLas PiƱas City, Philippines :
_bSouthville International School and Colleges,
_c2003.
300 _a20 pages :
_billustrations ;
_c28 cm.
504 _aIncludes bibliographical references.
650 _aChildren of divorced parents.
650 _aDivorce
_vPsychological aspects.
650 _aStudents
_vPsychology.
650 _aChildren
_vEffect of divorce on.
942 _2lcc
_cPASS
999 _c96832
_d96832